Design of Frequency Selective Surface (FSS) based Fields Decorrelating Radome for MIMO Antennas/ (Record no. 212176)
[ view plain ]
| 000 -LEADER | |
|---|---|
| fixed length control field | 00797 a2200193 4500 |
| 003 - CONTROL NUMBER IDENTIFIER | |
| control field | Nust |
| 005 - DATE AND TIME OF LATEST TRANSACTION | |
| control field | 20241029155542.0 |
| 040 ## - CATALOGING SOURCE | |
| Transcribing agency | Nust |
| 082 ## - DEWEY DECIMAL CLASSIFICATION NUMBER | |
| Classification number | 200 |
| 100 ## - MAIN ENTRY--PERSONAL NAME | |
| Personal name | Rashid, Saba ( MSEE-17) |
| 9 (RLIN) | 105973 |
| 245 ## - TITLE STATEMENT | |
| Title | Design of Frequency Selective Surface (FSS) based Fields Decorrelating Radome for MIMO Antennas/ |
| Statement of responsibility, etc. | Saba Rashid, |
| 260 ## - PUBLICATION, DISTRIBUTION, ETC. | |
| Place of publication, distribution, etc. | Rawalpindi |
| Name of publisher, distributor, etc. | MCS NUST |
| Date of publication, distribution, etc. | June-2014 |
| 300 ## - PHYSICAL DESCRIPTION | |
| Extent | xiii,72, p ; |
| 505 ## - FORMATTED CONTENTS NOTE | |
| Formatted contents note | Introduction (page-1) Frequency selsctive surfaces (pae-10) Fundamentals of antenna (page-19) FSS Design (page-34) High gain cavity resonant antenna using frequency selsctive surface at Ku-band frequency (page-42) Applications and future work (page-67) |
| 538 ## - SYSTEM DETAILS NOTE | |
| System details note | Almirah No,69 Shelf No,3 |
| 650 ## - SUBJECT ADDED ENTRY--TOPICAL TERM | |
| Topical term or geographic name entry element | PG Thesis |
| 9 (RLIN) | 35000 |
| 651 ## - SUBJECT ADDED ENTRY--GEOGRAPHIC NAME | |
| Geographic name | MSEE-17 |
| 9 (RLIN) | 35169 |
| 942 ## - ADDED ENTRY ELEMENTS (KOHA) | |
| Source of classification or shelving scheme | |
| Koha item type | Book |
| Withdrawn status | Lost status | Source of classification or shelving scheme | Damaged status | Not for loan | Permanent Location | Current Location | Shelving location | Date acquired | Full call number | Barcode | Date last seen | Price effective from | Koha item type | Public note |
|---|---|---|---|---|---|---|---|---|---|---|---|---|---|---|
| Central Library (CL) | Central Library (CL) | Thesis | 12/30/2019 | 200 | CL-T-4400 | 12/30/2019 | 12/30/2019 | Thesis | ||||||
| Central Library (CL) | Central Library (CL) | Thesis | 11/16/2020 | 200 | CL-T-6467 | 11/16/2020 | 11/16/2020 | Thesis | ||||||
| Central Library (CL) | Central Library (CL) | Thesis | 11/18/2020 | 200 | CL-T-1371 | 11/18/2020 | 11/18/2020 | Soft Copy | ||||||
| Military College of Signals (MCS) | Military College of Signals (MCS) | Thesis | 12/12/2016 | 621.382,RAS | MCSTEE-208A | 12/08/2016 | 12/12/2016 | Book | Only Hard Copy Available |
